[Event "4NCL Team Rapidplay"]
[Site "Daventry"]
[Date "2013.10.05"]
[Round "7.8"]
[White "Staples, Daniel"]
[Black "Benjamin, Martin"]
[Result "1/2-1/2"]
[WhiteElo "1972"]
[BlackElo "2040"]
[PlyCount "97"]
[EventDate "2013.10.05"]
[EventType "team-swiss (rapid)"]
[EventRounds "7"]
[EventCountry "ENG"]
[WhiteTeam "SMPS"]
[BlackTeam "CSC"]
[WhiteTeamCountry "ENG"]
[BlackTeamCountry "ENG"]
[TimeControl "900+70"]
[WhiteClock "0:04:18"]
[BlackClock "0:05:37"]

1. d4 d5 2. Nf3 Nf6 3. c4 e6 4. Bg5 Be7 5. e3 O-O 6. Nbd2 b6 7. Be2 Bb7 8. O-O
c5 9. Rc1 Nc6 10. Nb3 dxc4 11. Bxc4 cxd4 12. Nbxd4 Nxd4 13. Nxd4 Rc8 14. Qb3
Bd5 15. Bxf6 Bxf6 16. Bxd5 Qxd5 17. Qxd5 exd5 18. Rfd1 g6 19. Kf1 Rc5 20. b4
Rc4 21. Rxc4 dxc4 22. Nb5 a6 23. Nc7 b5 24. Nxa6 Ra8 25. Nc7 Rxa2 26. Nxb5 Rb2
27. Nc7 c3 28. Nd5 Be5 29. Rc1 c2 30. Ke1 Bd6 31. Kd2 Bxb4+ 32. Nxb4 Rxb4 33.
Rxc2 Kg7 34. Ke2 h5 35. f4 Ra4 36. Kf3 Rb4 37. h3 Ra4 38. g3 Rb4 39. Rc5 Ra4
40. Rb5 Ra1 41. g4 hxg4+ 42. hxg4 Ra4 43. Rg5 Ra7 44. f5 Kf6 45. Kf4 Ra4+ 46.
e4 Rxe4+ 47. Kxe4 Kxg5 48. fxg6 fxg6 49. Kf3 1/2-1/2